A borfesztiválok megjelenése és jelentősége a Balaton térségében
| Szerző: | |
|---|---|
| További közreműködők: | |
| Dokumentumtípus: | Diplomadolgozat |
| Kulcsszavak: | Balaton borfesztivál borfogyasztás borkultúra borturizmus |
| Online Access: | http://dolgozattar.uni-bge.hu/60256 |
MARC
| LEADER | 00000nta a2200000 i 4500 | ||
|---|---|---|---|
| 001 | dolg60256 | ||
| 005 | 20260409150213.0 | ||
| 008 | 260409suuuu hu om 000 hun d | ||
| 040 | |a BGE Dolgozattár Repozitórium |b hun | ||
| 041 | |a hu | ||
| 100 | 1 | |a Lozsi Vivien Petra | |
| 245 | 1 | 2 | |a A borfesztiválok megjelenése és jelentősége a Balaton térségében |c Lozsi Vivien Petra |h [elektronikus dokumentum] |
| 520 | 3 | |a A Balaton turisztikai térség hazánk egyik legkedveltebb desztinációja, ahol a turizmus szinte minden formája jelen van. A térség egyik kiemelkedő vonzereje a borturizmus, hiszen több elismert borvidék található a régióban, melyek lehetőséget kínálnak a minőségi borok megismerésére. Mindemellett, a helyi borfesztiválok komplex élményt biztosítanak a látogatók számára, ötvözve a kultúrát, a gasztronómiát és a kikapcsolódást. Szakdolgozatomban szakirodalmak felhasználásával és egy saját kutatás segítségével vizsgáltam meg a hazai borturizmus fő jellegzetességeit, a borfogyasztási és borfesztivál látogatási szokásokat, különös tekintettel a Balaton turisztikai térség legnépszerűbb borfesztiváljaira, azok sajátosságaira, élményalapú kínálatára, valamint turisztikai jelentőségére. | |
| 695 | |a Balaton | ||
| 695 | |a borfesztivál | ||
| 695 | |a borfogyasztás | ||
| 695 | |a borkultúra | ||
| 695 | |a borturizmus | ||
| 700 | 1 | |a Szeidl Dr. Klaudia |e ths | |
| 856 | 4 | 0 | |u http://dolgozattar.uni-bge.hu/60256/1/A%20borfesztiv%C3%A1lok%20megjelen%C3%A9se%20%C3%A9s%20jelent%C5%91s%C3%A9ge%20a%20Balaton%20t%C3%A9rs%C3%A9g%C3%A9ben.pdf |z Dokumentum-elérés |
| 856 | 4 | 0 | |u http://dolgozattar.uni-bge.hu/60256/2/lozsi_vivien_petra_opponens_nagy_gabriella.pdf |z Dokumentum-elérés |
| 856 | 4 | 0 | |u http://dolgozattar.uni-bge.hu/60256/3/lozsi_vivien_konzulens_szeidl.pdf |z Dokumentum-elérés |